Kadra Belgii na mundial 2022 - Statystyki

Ogólne statystyki
  • Ten quiz został rozwiązany 109 razy
  • Średni wynik to 14 z 26
Statystyki odpowiedzi
Pozycja Zawodnik % Poprawnych
Bramkarz Thibaut Courtois
97%
Pomocnik Kevin de Bruyne
95%
Napastnik Romelu Lukaku
95%
Napastnik Eden Hazard
80%
Pomocnik Thorgan Hazard
80%
Obrońca Jan Vertonghen
78%
Bramkarz Simon Mignolet
66%
Pomocnik Yannick Carrasco
66%
Pomocnik Axel Witsel
63%
Obrońca Toby Alderweireld
63%
Obrońca Thomas Meunier
58%
Pomocnik Youri Tielemans
58%
Napastnik Dries Mertens
52%
Napastnik Jeremy Doku
52%
Napastnik Michy Batshuayi
47%
Bramkarz Koen Casteels
44%
Napastnik Leandro Trossard
44%
Obrońca Timothy Castagne
44%
Obrońca Leander Dendoncker
41%
Napastnik Lois Openda
39%
Pomocnik Amadou Onana
36%
Obrońca Wout Faes
33%
Pomocnik Hans Vanaken
30%
Napastnik Charles de Ketelaere
28%
Obrońca Arthur Theate
22%
Obrońca Zeno Debast
17%
Nie znaleziono quizów pasujących do podanych kryteriów
Rozkład punktacji
Procent ludzi z każdym wynikiem
Percentyl według liczby udzielonych odpowiedzi
Twoja historia wyników
Nie rozwiązałeś tego quizu